Responses for Show #7417 - Tuesday, December 6, 2016

Tim Aten game 3.

Contestants

[<< previous game]

Anuj Patel, a scientist from San Francisco, California

Alison Carey, a housewife from Cleveland Heights, Ohio

Tim Aten, an editor from Vermilion, Ohio (whose 2-day cash winnings total $47,800)

[next game >>]

Jeopardy! Round responses

SPORTS ROUND NUMBERS
THAT'S JUST NUTS!
A BARRAGE OF BOOKS
MINING FOR "ORE"
STRUCTURED
CLUES ACROSS AMERICA
(Alex: Featuring our on-air talent from our affiliate stations.)
    $200 3
pitcher

Anuj
    $200 16
chestnuts

Anuj
    $200 22
Goodnight Moon

Alison
    $200 1
a snore

Tim
    $200 18
a kennel

Tim
    $200 9
Providence

Tim
    $400 4
basketball

Tim
    $400 17
pecan

Alison
    $400 23
Madame Bovary

Tim
    $400 2
yore

Anuj
    $400 27
[The end-of-round signal sounds.]

a warehouse

Anuj
    $400 12
Joe Louis

Tim
    $600 5
the Kentucky Derby

Anuj
    $600 19
macadamias

Anuj
    $600 24
(Alex: Less than a minute to go now.)

(Sir Walter) Scott

Alison
    $600 7
lore (or folklore)

Anuj
    $600 13
Hancock

Anuj
    $800 6
1,000

Tim
    $800 20
cashew

Alison
    $2,000 25
(Alex: Alison? Say something.)

Schindler's Ark

Alison
    $800 10
[NOTE: This clue was updated when it was recycled in Champions Wildcard play-in game #2 in 2024. In the new version, it read, "U.S. Navy rank abolished for good in 1986".]

commodore

Tim
    $800 14
Rainbow Row

Tim
    $1000 8
(Anuj: What is 60?)

50

Anuj
Triple Stumper
    $1000 21
pistachios

Anuj
    $1000 26
(Alison: Who is Camus?)

Jean-Paul Sartre

Alison
Triple Stumper
    $1000 11
encores

Anuj
    $1000 15
(Theodor) Geisel

Tim

Scores at the first commercial break (after clue 15):

Tim Alison Anuj
$4,600 $0 $2,400

Scores at the end of the Jeopardy! Round:

Tim Alison Anuj
$5,200 -$1,000 $4,600

Double Jeopardy! Round responses

OUT OF AFRICA
SUCH COLORFUL LANGUAGE!
SCIENTISTS
EVERY MOVE YOU MAKE
EVERY CLAIM YOU STAKE
I'LL BE WATCHING "U"
    $400 1
an ostrich

Tim
    $400 10
purple prose

Tim
    $400 6
(Isaac) Newton

Tim
    $400 18
chess

Anuj
    $400 13
Alexander the Great

Tim
    $400 7
Ugly Betty

Tim
    $800 2
the Sphinx

Tim
    $800 14
blue blood

Anuj
    $800 19
(Jane) Goodall

Anuj
    $800 23
a blitz

Anuj
    $800 28
Jordan

Anuj
    $800 8
Uncle Buck

Alison
    $1200 3
Timbuktu

Tim
    $1200 15
a yellow jacket

Tim
    $1200 20
(Alessandro) Volta

Anuj
    $1200 24
swordfighting

Anuj
    $2,000 27
Sooners

Anuj
    $1200 9
Unreal

Alison
    $1600 4
Rastafarianism

Alison
    $1600 16
(Alison: What is the green monster?)

the green-eyed monster

Alison
Triple Stumper
    $1600 21
(Anuj: Who is Leakey?)

(Margaret) Mead

AlisonAnuj
    $2,000 25
(Anuj: What is Risk?)

rock-paper-scissors

Anuj
    $1600 26
(Tim: What is Australia?)
...
(Alex: And we have less than a minute to go now.)

Antarctica

Tim
Triple Stumper
    $1600 11
Upstairs, Downstairs

Alison
    $2000 5
Bantu

Anuj
    $2000 17
whitewash

Triple Stumper
    $2000 22
Lord Kelvin

Triple Stumper
    $2000 29
(Alison: What is the North Sea?)
...
[The end-of-round signal sounds.]

the South China Sea

Alison
Triple Stumper
    $2000 12
U-571

Alison

Scores at the end of the Double Jeopardy! Round:

Tim Alison Anuj
$8,800 $4,200 $11,000

[wagering suggestions for these scores]

Final Jeopardy! Round responses

AUTHORS
AlisonWho is Jane Austen?
$4,200
TimWho is Dickens?
$300
AnujWho is Shakespeare
$6,601
Jane Austen

Final scores:

Tim Alison Anuj
$8,500 $8,400 $4,399
3-day champion: $56,300 2nd place: $2,000 3rd place: $1,000

Game dynamics:

Coryat scores:

Tim Alison Anuj
$8,800 $6,200 $12,200
18 R,
1 W
10 R,
4 W
(including 1 DD)
19 R
(including 1 DD),
3 W
(including 1 DD)

Combined Coryat: $27,200

[game clues] [game scores] [suggest correction]

Game tape date: 2016-08-30
The J! Archive is created by fans, for fans. Scraping, republication, monetization, and malicious use prohibited; this site may use cookies and collect identifying information. See terms. The Jeopardy! game show and all elements thereof, including but not limited to copyright and trademark thereto, are the property of Jeopardy Productions, Inc. and are protected under law. This website is not affiliated with, sponsored by, or operated by Jeopardy Productions, Inc. Join the discussion at JBoard.tv.